| 000 | 00509nam a22001817a 4500 | ||
|---|---|---|---|
| 003 | OSt | ||
| 005 | 20140310181920.0 | ||
| 008 | 130718t xxu||||| |||| 00| 0 eng d | ||
| 050 |
_aPE 1075 _b.M153 2008 |
||
| 082 |
_aTR 808.042 _bM19 2008 |
||
| 245 |
_aExcellent English 1 : _bLanguage skills for success\ _cSusannah Mackay. |
||
| 260 |
_aNew York : _bMcGraw-Hill, _c2008. |
||
| 300 |
_a222 p. ; _bill. : _c28 cm . : |
||
| 521 | _aFaculty. | ||
| 541 | _j1 | ||
| 562 | _e1 | ||
| 942 |
_2lcc _cBK-TR _kTR |
||
| 999 |
_c6964 _d6964 |
||